000 00900nam a22002417a 4500
005 20251108173514.0
008 250721s2006 xx 000 0 ara d
082 1 4 _a370.095650224/ نهو
100 1 _aالعمايرة، شيرين اسماعيل
245 1 0 _aالنهوض بالتربية و التعليم في عهد جلالة الملك عبد الله الثاني المعظم /
264 1 _aعمان :
_bالمؤلفون،
_c2006.
300 _a606ص.
650 1 7 _aالتربية
650 1 7 _aالتنمية التربوية
650 1 7 _aالإصلاحات التربوية
650 1 7 _aتأريخ الأردن
653 _aعهد الملك عبد الله الثاني 1999- /
700 1 _aحموده، غسان فارس
700 1 _aالهناندة، عمر محمود
700 1 _aزهران، إبراهيم أحمد
942 _2ddc
_cBK
999 _c105492
_d105492